000 00169nam a2200085 4500
001 1241214
005 20251010135256.0
245 _aKUŞLAR
_cTÜBİTAK
260 _bTÜBİTAK
999 _c1241214
_d1241214